| 000 | 00366 a2200169 4500 | ||
|---|---|---|---|
| 001 | 157089 | ||
| 020 | _a9788596010054 | ||
| 040 | _cEscola São Tomás de Aquino | ||
| 100 | _aALMEIDA, Luana Chnaiderman de | ||
| 240 | 1 | 0 |
_aFuga _lpor |
| 245 | 1 | 0 | _aFuga |
| 300 | _a127 p. | ||
| 362 | 0 | _a2017 | |
| 440 | 1 | _aFTD | |
| 697 | _aLITERATURA BRASILEIRA | ||
| 942 | _cBK | ||
| 999 |
_c157089 _d157089 |
||